The rise of Western rationalism : Max Weber's developmental history = El aumento del racionalismo occidental: la historia del desarrollo de Max Weber /
Guardat en:
| Autor principal: | |
|---|---|
| Format: | Desconegut |
| Idioma: | English |
| Publicat: |
Berkeley :
University of California Press,
1981.
|
| Matèries: | |
| Etiquetes: |
Afegir etiqueta
Sense etiquetes, Sigues el primer a etiquetar aquest registre!
|
MARC
| LEADER | 000000000a22000000004500 | ||
|---|---|---|---|
| 001 | 013117 | ||
| 041 | 0 | |a eng | |
| 082 | 0 | 4 | |a 301 |b S418r |
| 100 | 1 | |a Schluchter, Wolfgang, |d 1938- | |
| 245 | 1 | 4 | |a The rise of Western rationalism : |b Max Weber's developmental history = El aumento del racionalismo occidental: la historia del desarrollo de Max Weber / |c Wolfgang Schluchter. |
| 246 | 3 | 1 | |a El aumento del racionalismo occidental: la historia del desarrollo de Max Weber |
| 260 | 1 | |a Berkeley : |b University of California Press, |c 1981. | |
| 300 | |a xxvii, 178 páginas ; |c 24 cm. | ||
| 650 | 4 | |a WEBER, MAX, 1864-1920 | |
| 650 | 4 | |a HISTORIA | |
| 650 | 4 | |a FILOSOFIA | |
| 650 | 4 | |a EL RACIONALISMO | |
| 650 | 4 | |a LA SOCIOLOGIA HISTORICA | |
| 650 | 4 | |a LA RELIGION Y LA SOCIOLOGIA | |
| 650 | 4 | |a LA CIENCIA POLITICA | |
| 650 | 4 | |a FILOSOFIA | |
| 500 | |a Colección George Yúdice | ||
| 999 | |c 19057 |d 19057 | ||
| 942 | |c BK |h 301 S418r |2 z | ||
